| 000 | 01184nam0a2200301 4500 | ||
|---|---|---|---|
| 001 | RU\NLR\BIBL_A\011295572 | ||
| 005 | 20250626040708.0 | ||
| 010 |
_a978-5-17-100921-2 _93000 |
||
| 021 |
_aRU _b2016-2377и _9207и |
||
| 035 | _a(NLR Aleph) 011295572 | ||
| 090 |
_a10947703 _c10947703 |
||
| 100 | _a20161220d2016 |||y0rusy50 ca | ||
| 101 | 1 |
_arus _ceng |
|
| 102 | _aRU | ||
| 105 | _aa t 000ay | ||
| 200 | 1 |
_aЗвездные войны _iДарт Вейдер и Тюрьма-призрак _e[графический роман] _fХейден Блэкман, Августин Алессио _g[пер. с англ. Валентин Матюша (Gilad)] |
|
| 210 |
_aМосква _cАСТ _d2016 |
||
| 215 |
_a128 c. _cцв. ил. _d27 |
||
| 225 | 1 | _aЛегенды | |
| 300 | _aНа 3-й с.: Хейден Блэкман, сценарий, Августин Алессио, рис. | ||
| 333 | _a12+ | ||
| 686 | 1 | _aШ6(7США)67-440.4комикс(Лх1979-50комикс) | |
| 702 | 1 |
_aБлэкман _bХ. _gХейден _4690 |
|
| 702 | 1 |
_aАлессио _bА. _gАвгустин _4040 |
|
| 942 | _cBOOK | ||
| 980 | _aNB | ||